Prayers of all religions of the world (Record no. 6605)
[ view plain ]
| 000 -LEADER | |
|---|---|
| fixed length control field | 01311 a2200253 4500 |
| 005 - DATE AND TIME OF LATEST TRANSACTION | |
| control field | 20080901165741.0 |
| 008 - FIXED-LENGTH DATA ELEMENTS--GENERAL INFORMATION | |
| fixed length control field | 080901t xxu||||| |||| 00| 0 eng d |
| 010 ## - LIBRARY OF CONGRESS CONTROL NUMBER | |
| LC control number | ENG-87503-05 |
| 020 ## - INTERNATIONAL STANDARD BOOK NUMBER | |
| International Standard Book Number | 8188629332 (set) |
| Terms of availability | 1995.00 (set) |
| 035 ## - SYSTEM CONTROL NUMBER | |
| System control number | EN-71036-38 |
| 037 ## - SOURCE OF ACQUISITION | |
| Source of stock number/acquisition | DBAD / PUB |
| 082 ## - DEWEY DECIMAL CLASSIFICATION NUMBER | |
| Classification number | 291.43 |
| 100 ## - MAIN ENTRY--PERSONAL NAME | |
| Personal name | Bhatt, Shankerprasad S. |
| 245 ## - TITLE STATEMENT | |
| Title | Prayers of all religions of the world |
| Statement of responsibility, etc | by Shankerprasad S. Bhatt and edited Pradip S. Bhatt |
| 260 ## - PUBLICATION, DISTRIBUTION, ETC. (IMPRINT) | |
| Place of publication, distribution, etc | Delhi |
| Name of publisher, distributor, etc | Originals |
| Date of publication, distribution, etc | 2006 |
| 270 ## - ADDRESS | |
| Address | A-6, Nimri Commercial Centre, Near Ashok Vihar Phase-IV, |
| City | Delhi |
| Postal code | 110 052 |
| 300 ## - PHYSICAL DESCRIPTION | |
| Extent | 3 V. (xxiv, 348p.; xxii, 418p.; xii, 300p.) |
| Dimensions | 22cm (Hb ) |
| 500 ## - GENERAL NOTE | |
| General note | This book published in 3 vols. and set price is 1995.00 |
| 700 ## - ADDED ENTRY--PERSONAL NAME | |
| Personal name | Bhatt, Pradip S. |
| 942 ## - ADDED ENTRY ELEMENTS (KOHA) | |
| Institution code [OBSOLETE] | dpl |
| Koha item type | English Books |
| Call number prefix | 291.43 / BHA |
| Source of classification or shelving scheme | Dewey Decimal Classification |
| Classification part | 291.43 |
| Call number suffix | BHA |
| Withdrawn status | Lost status | Damaged status | Not for loan | Home library | Current library | Date acquired | Cost, normal purchase price | Total Checkouts | Total Renewals | Full call number | Barcode | Date last seen | Copy number | Uniform Resource Identifier | Cost, replacement price | Price effective from | Koha item type |
|---|---|---|---|---|---|---|---|---|---|---|---|---|---|---|---|---|---|
| D.B.Act.Division | D.B.Act.Division | 01/09/2008 | 1995.00 | 291.43 BHA | EN-71036 | 15/09/2008 | 1 | 7104 | 1995.00 | 15/09/2008 | English Books | ||||||
| D.B.Act.Division | D.B.Act.Division | 01/09/2008 | 1995.00 | 291.43 BHA | EN-71037 | 15/09/2008 | 1 | 7105 | 1995.00 | 15/09/2008 | English Books | ||||||
| D.B.Act.Division | D.B.Act.Division | 01/09/2008 | 1995.00 | 291.43 BHA | EN-71038 | 15/09/2008 | 1 | 7106 | 1995.00 | 15/09/2008 | English Books |
